Zahlen 0 bis 9 - Whammies - Statistiken

Allgemein
  • Dieses Quiz wurde 283 mal gespielt
    248 seit der letzten Aktualisierung
  • Das Durchschnittsergebnis liegt bei 9 aus 10
Antwortstatistiken
Zahlen % Korrekt
0
100%
1
97%
2
96%
3
93%
4
93%
5
92%
6
91%
7
90%
8
88%
9
87%
Keine übereinstimmenden Quizze gefunden
Verteilung der Resultate
Anzahl Personen mit jedem Resultat
Perzentil nach korrekt beantworteten Fragen
Ihre Resultats-Entwicklung
Sie haben dieses Quiz seit der letzten Aktualisierung nicht gespielt